| 000 | 00865cam a2200277 i 4500 | ||
|---|---|---|---|
| 001 | 16122 | ||
| 003 | DO-SdUEMH | ||
| 005 | 20260103135941.0 | ||
| 007 | ta | ||
| 008 | 211105s dr |||gr|||| 000 0 spa|d | ||
| 040 |
_aDO-SdUEMH _bspa _erda |
||
| 041 | _aspa | ||
| 082 | 1 | 4 |
_aRD303.36 G165M _bG216m _mRD |
| 084 | _b09-00417 | ||
| 100 |
_aGARCÍA, CARLOS _eaut |
||
| 245 | 1 | 0 |
_aMedidas de coerción y utilización de las medidas alternativas : _bconciliación - acuerdo - criterio de oportunidad / _cCarlos García |
| 260 | _c2007 | ||
| 264 | 0 | 1 |
_aSanto Domingo, República Dominicana : _bDalis, _c2008 |
| 300 |
_a180 paginas ; _c23 cm. |
||
| 336 |
_2rdacontent _atexto _btxt |
||
| 337 |
_2rdamedia _asin mediación _bn |
||
| 338 |
_2rdacarrier _avolumen _bnc |
||
| 504 | _aBibliografías en paginas 175-176-177-178-179-180 | ||
| 942 |
_2ddc _cBK _n0 |
||
| 999 |
_c16122 _d16122 |
||